000
00323cam a2200133ua 4500
041
_a
mal
_h
082
_a
928.94812
_b
KRI/KA
100
_a
Krishnan Kutty, Veloor.
245
_a
Kathaprasanga smaranakal /
_c
Veloor Krishnan kutty.
_h
Textual Documents
300
_a
220 ; .
504
_a
942
_c
BK
999
_c
6582
_d
6582